| 000 | 01172nam0a2200301 4500 | ||
|---|---|---|---|
| 001 | RU\NLR\BIBL_A\011995959 | ||
| 005 | 20190516081637.0 | ||
| 010 |
_a978-5-9933-0149-5 _9500 |
||
| 021 |
_aRU _bКН-П-19-023613 _9КН-П-19-1781 |
||
| 035 | _a(NLR Aleph) 011995959 | ||
| 035 | _a(RuMoRGB)009938085 | ||
| 090 |
_a11381796 _c11381796 |
||
| 100 | _a20190422d2018 m y0rusy50 ca | ||
| 101 | 0 | _arus | |
| 102 | _aRU | ||
| 105 | _aac z 000ay | ||
| 200 | 1 |
_a"Да будет навсегда с тобой любовь к родному краю…" _eсобрание сочинений _fАнатолий Орлин |
|
| 210 |
_aДолгопрудный, Московская обл. _cГраница _d2018 |
||
| 215 |
_a287 с. _cил., портр. _d22 |
||
| 327 | 1 | _aСодерж.: разделы : Судьба поэта ; Публицистика ; Поэзия | |
| 686 | 2 | _aШ6(2=Р)75я44 | |
| 700 | 1 |
_aОрлин _bА. И. _f1939-1998 _gАнатолий Иванович |
|
| 942 | _cBOOK | ||
| 980 | _aNBR | ||
| 980 | _aNB | ||